| 000 | 01037nam2a22002411 4500 | ||
|---|---|---|---|
| 001 | RU\NLR\INFOCOMM17\1000419231 | ||
| 005 | 20250617071359.0 | ||
| 035 | _a(NLR Aleph) 002544554 | ||
| 090 |
_a2964751 _c2964751 |
||
| 100 | _a20040519d1988 |||y0rusy50 ca | ||
| 101 | 0 | _arus | |
| 102 | _aRU | ||
| 105 | _ay ||||||||| | ||
| 200 | 1 | _aЭффективность и сертификация бортового оборудования гражданских воздушных судов | |
| 210 |
_d1988 _aБ. м. |
||
| 461 | 0 |
_1001RU\NLR\INFOCOMM17\1000418992 _12001#$aСборник научных трудов$fГос. НИИ гражд. авиации$vВып.271 _92963205 _aНИИ гражданского воздушного флота (Москва) _cМ. _d1960 - 2010 _fГос. НИИ гражд. авиации _tСборник научных трудов _vВып.271 |
|
| 801 | 1 |
_aRU _bInfoComm _c20040519 |
|
| 801 | 0 |
_aRU _bNLR _gPSBO |
|
| 852 |
_aNLR _jП10/2375 |
||
| 942 | _cISSUE | ||
| 980 | _aNB | ||
| 980 | _aRUSPER | ||